000 01061nam a2200277 a 4500
001 000016298
003 OSt
005 20250604123109.0
008 100303s1946 dr ab r 000 0 spa d
040 _aDO-SdBNP
_bspa
_cBNPHU
082 4 _a912.7293
_bM387p
100 1 _aMartorell Otzet, Ramón
_936385
245 1 3 _aLa proyección gnomónica sobre el horizonte de Ciudad Trujillo /
_cRamón Martorell Otzet.
260 _aCiudad Trujillo, República Dominicana :
_bCosmopolita,
_c1946.
300 _a131 p. :
_bil. ; map. ;
_c24 cm.
490 1 _aPublicaciones de la Universidad de Santo Domingo;
_v39
490 1 _aInstituto Geográfico y Geológico;
_v2
500 _aIncluye notas al pie de páginas
590 _aInventariado, 2019/BT
650 4 _aMapas
_xProyecciones
_977120
650 0 _aCartografía
_zRepública Dominicana
_977121
830 0 _aInstituto Geográfico y Geológico
_n2
_936386
830 0 _aPublicaciones de la Universidad Autónoma de Santo Domingo
_n309
_936387
910 _aValidado. Control de calidad MFF
942 _2ddc
_cLBS1
999 _c15833
_d15833